000 00541nam a22001577a 4500
003 OSt
005 20151103110739.0
008 151103b xxu||||| |||| 00| 0 eng d
040 _cRUA
082 _aFOR នង 1995 B121 Or.1
100 _93258
_aនង ឌីវ៉ាន់
245 _aការរៀបចំចំណាត់ថ្នាក់អាងរងទឹកភ្លៀង (watershed) ខាងលិចបឹងទន្លេសាប
260 _aPhnom Penh
_bRUA
_c1995
300 _a65p.
_bill.
_c29cm.
942 _2ddc
_cFOR
999 _c3042
_d3042